[Event "GER-ch U25-B"]
[Site "Willingen"]
[Date "2023.05.29"]
[Round "3"]
[White "John, Niklas"]
[Black "Duchstein, Anna"]
[Result "1-0"]
[WhiteElo "1652"]
[BlackElo "1568"]
[PlyCount "111"]
[EventDate "2023.05.27"]
[EventType "swiss"]
[EventRounds "9"]
[EventCountry "GER"]
[SourceTitle "CBM 214 Extra"]
[Source "ChessBase"]
[SourceDate "2023.07.31"]
[SourceVersion "1"]
[SourceVersionDate "2023.07.31"]
[SourceQuality "1"]

1. e4 d6 2. d4 Nf6 3. Nc3 Nbd7 4. Nf3 e5 5. Bc4 h6 6. 0-0 c6 7. a4 a5 8. h3 Be7 9. Be3 Qc7 10. Ba2 Nf8 11. Qd2 g5 12. Nh2 Ng6 13. f3 Nh5 14. Ne2 Nhf4 15. Nxf4 gxf4 16. Bf2 h5 17. Rad1 Rg8 18. Kh1 Bd7 19. Be1 Rg7 20. Rf2 Qc8 21. Qd3 Qc7 22. Bc3 f6 23. Nf1 Nh4 24. Nd2 Qc8 25. Qf1 Qc7 26. Nc4 Be6 27. Bb3 Bf7 28. Qe1 b6 29. Re2 Ng6 30. Qf2 Rb8 31. Qe1 Ra8 32. Qd2 Bxc4 33. Bxc4 Kd7 34. Bb3 Rf8 35. Qe1 Kc8 36. Be6+ Kb7 37. b4 axb4 38. Bxb4 Ra8 39. Ra1 Nf8 40. Bc4 Nd7 41. d5 c5 42. Bc3 Rag8 43. Bb5 Nb8 44. a5 Qc8 45. Kh2 f5 46. axb6 fxe4 47. Bxe5 Rxg2+ 48. Rxg2 Rxg2+ 49. Kxg2 Qg8+ 50. Kh1 Bg5 51. Ra7+ Kc8 52. b7+ Kd8 53. Qa5+ Ke7 54. Qc7+ Kf8 55. Bxd6+ Be7 56. Qxe7# 1-0

[Event "GER-chT U20"]
[Site "Muenster"]
[Date "2022.12.29"]
[Round "6"]
[White "John, Niklas"]
[Black "Jaksch, Jonas"]
[Result "0-1"]
[WhiteElo "1680"]
[BlackElo "1266"]
[PlyCount "66"]
[EventDate "2022.12.26"]
[EventType "team-swiss"]
[EventRounds "7"]
[EventCountry "GER"]
[SourceTitle "CBM 212 Extra"]
[Source "ChessBase"]
[SourceDate "2023.03.31"]
[SourceVersion "1"]
[SourceVersionDate "2023.03.31"]
[SourceQuality "1"]
[WhiteTeam "Muenster"]
[BlackTeam "Bebenhausen"]
[WhiteTeamCountry "GER"]
[BlackTeamCountry "GER"]

1. e4 c5 2. Nf3 d6 3. d4 cxd4 4. Nxd4 Nf6 5. Nc3 a6 6. h3 e5 7. Nde2 h5 8. g3 b5 9. Bg2 Bb7 10. a3 Nbd7 11. Be3 Nb6 12. Nd5 Nfxd5 13. exd5 f5 14. b3 g5 15. f4 e4 16. Qd4 Nxd5 17. Qxh8 Nxe3 18. Qxh5+ Kd7 19. Qf7+ Be7 20. Rg1 Nxc2+ 21. Kd2 Nxa1 22. Qxf5+ Kc7 23. Rxa1 e3+ 24. Kxe3 Bxg2 25. Nd4 Kb7 26. Rc1 Rc8 27. Rg1 gxf4+ 28. gxf4 Bc6 29. Rg7 Rc7 30. Ne6 Qd7 31. Kd4 Qc8 32. Qg4 Bf6+ 33. Kd3 Bxg7 0-1

[Event "GER-chT U20"]
[Site "Muenster"]
[Date "2022.12.27"]
[Round "1"]
[White "Engel, Robert"]
[Black "John, Niklas"]
[Result "1-0"]
[WhiteElo "2141"]
[BlackElo "1680"]
[PlyCount "77"]
[EventDate "2022.12.26"]
[EventType "team-swiss"]
[EventRounds "7"]
[EventCountry "GER"]
[SourceTitle "CBM 212 Extra"]
[Source "ChessBase"]
[SourceDate "2023.03.31"]
[SourceVersion "1"]
[SourceVersionDate "2023.03.31"]
[SourceQuality "1"]
[WhiteTeam "Hamburger SK"]
[BlackTeam "Muenster"]
[WhiteTeamCountry "GER"]
[BlackTeamCountry "GER"]

1. e4 c5 2. Nf3 d6 3. d4 cxd4 4. Nxd4 Nf6 5. f3 g6 6. c4 Bg7 7. Nc3 0-0 8. Be3 Nc6 9. Qd2 Nxd4 10. Bxd4 Be6 11. Rc1 Rc8 12. b3 a6 13. Be2 Nd7 14. Be3 Qc7 15. 0-0 Nc5 16. b4 Nd7 17. Nd5 Bxd5 18. cxd5 Qb8 19. a4 Rxc1 20. Rxc1 Rc8 21. Rc2 Rc7 22. Qc1 Rxc2 23. Qxc2 Qd8 24. g3 h5 25. h4 Bf6 26. Kg2 Ne5 27. b5 a5 28. b6 Kf8 29. Qc7 Qa8 30. Bb5 Kg7 31. Bd4 Kf8 32. Bc3 Kg7 33. Kf2 Kf8 34. Kg2 Kg7 35. Bd4 Kf8 36. Bxe5 Bxe5 37. Bc6 Qa6 38. Qd8+ Kg7 39. Bb5 1-0

[Event "GER-ch Youth-B"]
[Site "Willingen"]
[Date "2022.06.09"]
[Round "7"]
[White "Abou Wally, Adrian"]
[Black "John, Niklas"]
[Result "1/2-1/2"]
[WhiteElo "1601"]
[BlackElo "1563"]
[PlyCount "137"]
[EventDate "2022.06.04"]
[EventType "swiss"]
[EventRounds "9"]
[EventCountry "GER"]
[SourceTitle "CBM 208 Extra"]
[Source "ChessBase"]
[SourceDate "2022.07.31"]
[SourceVersion "1"]
[SourceVersionDate "2022.07.31"]
[SourceQuality "1"]

1. e4 c5 2. Nc3 Nc6 3. Bb5 Nd4 4. a4 a6 5. Bc4 e6 6. Nge2 Qc7 7. 0-0 Nf6 8. f4 d6 9. d3 Be7 10. Ng3 0-0 11. f5 exf5 12. Nxf5 Nxf5 13. exf5 b6 14. Nd5 Nxd5 15. Bxd5 Bb7 16. Bxb7 Qxb7 17. f6 Bxf6 18. Rxf6 gxf6 19. Bh6 Kh8 20. Qf1 f5 21. Qxf5 f6 22. Bxf8 Rxf8 23. Re1 Kg7 24. Qe6 Qc7 25. Re3 Qd8 26. c4 Rf7 27. Qe8 Qxe8 28. Rxe8 Rd7 29. Rb8 d5 30. Rxb6 dxc4 31. dxc4 Rd4 32. b3 Rd3 33. Kf2 Rd2+ 34. Kf3 Rc2 35. h4 h5 36. g3 Kg6 37. a5 Kf5 38. Rxa6 Rc3+ 39. Kf2 Rxb3 40. Rc6 Rb2+ 41. Kf1 Kg4 42. Rxc5 f5 43. Rc8 Ra2 44. Ra8 Rc2 45. a6 Kf3 46. Ke1 Rxc4 47. a7 Ra4 48. Kd2 Ra3 49. Kc2 Kf2 50. Kb2 Ra6 51. Kc3 Kf3 52. Kd4 Ra5 53. Kc4 Kf2 54. Kb4 Ra1 55. Kc5 Ra5+ 56. Kd6 Kf3 57. Ke6 Kf2 58. Kf6 Kf3 59. Ke7 Kf2 60. Ke6 Kf3 61. Kf6 Kf2 62. Kg5 Kg2 63. Kf4 Kf2 64. Rh8 Rxa7 65. Kxf5 Ra5+ 66. Kg6 Kxg3 67. Rxh5 Ra4 68. Kg5 Ra5+ 69. Kh6 1/2-1/2

[Event "GER-chT U16"]
[Site "Willingen"]
[Date "2021.06.26"]
[Round "6.5"]
[White "Mankel, Luca"]
[Black "John, Niklas"]
[Result "1-0"]
[WhiteElo "1917"]
[BlackElo "1521"]
[PlyCount "57"]
[EventDate "2021.06.23"]
[EventType "team-swiss"]
[EventRounds "7"]
[EventCountry "GER"]
[SourceTitle "CBM 203 Extra"]
[Source "ChessBase"]
[SourceDate "2021.09.30"]
[SourceVersion "1"]
[SourceVersionDate "2021.09.30"]
[SourceQuality "1"]
[WhiteTeam "Berlin Empor"]
[BlackTeam "Muenster 32"]
[WhiteTeamCountry "GER"]
[BlackTeamCountry "GER"]

1. e4 c5 2. Nc3 Nc6 3. Bb5 g6 4. Bxc6 bxc6 5. d3 Bg7 6. Nge2 Nf6 7. 0-0 0-0 8. Be3 d6 9. h3 Be6 10. b3 Qa5 11. Qe1 Nd7 12. Bd2 Qd8 13. Nf4 d5 14. Rd1 c4 15. exd5 cxb3 16. dxe6 bxc2 17. Rc1 Ne5 18. Rxc2 Nxd3 19. Qe4 Nxf4 20. Bxf4 Qb6 21. Rb1 Qd4 22. Be3 Qd6 23. Rd1 Qc7 24. Nb5 Qa5 25. Qxc6 Rfd8 26. Rcd2 Be5 27. Bh6 Rdc8 28. exf7+ Kxf7 29. Qd5+ 1-0

[Event "GER-chT Christmas U20"]
[Site "Playchess.com INT"]
[Date "2020.12.29"]
[Round "2.4"]
[White "El Sewisy, Aiman"]
[Black "John, Niklas"]
[Result "0-1"]
[WhiteElo "893"]
[BlackElo "1521"]
[PlyCount "86"]
[EventDate "2020.12.29"]
[EventType "team-swiss (blitz)"]
[EventRounds "7"]
[EventCountry "GER"]
[SourceTitle "CBM 200 Extra"]
[Source "ChessBase"]
[SourceDate "2021.03.31"]
[SourceVersion "1"]
[SourceVersionDate "2021.03.31"]
[SourceQuality "1"]
[WhiteTeam "Aschheim/Feldkirchen/Kirchheim"]
[BlackTeam "Muenster II"]
[WhiteTeamCountry "GER"]
[BlackTeamCountry "GER"]

1. e4 c5 2. d4 cxd4 3. c3 d5 4. Qxd4 dxe4 5. Qxd8+ Kxd8 6. Bf4 Nc6 7. Nd2 Nf6 8. 0-0-0 Ke8 9. Bc4 e5 10. Bg3 Bc5 11. Ne2 e3 12. fxe3 Bxe3 13. Kc2 Bf5+ 14. Kc1 Ne4 15. Rhf1 Bg6 16. Bb5 f6 17. Bd3 Bxd2+ 18. Rxd2 Nxd2 19. Kxd2 Rd8 20. Rf3 e4 21. Re3 Rxd3+ 22. Rxd3 exd3 23. Nf4 Ne5 24. Ne6 Kf7 25. Nd4 Re8 26. b3 Nc6 27. Nf3 Re2+ 28. Kd1 Rxa2 29. Bf4 Rxg2 30. h4 Rb2 31. b4 Bh5 32. Kc1 Rc2+ 33. Kb1 Bxf3 34. h5 Rg2 35. c4 d2 36. Bxd2 Rxd2 37. b5 Nd4 38. Kc1 Re2 39. Kd1 a5 40. Kc1 a4 41. Kb1 a3 42. Ka1 Nb3+ 43. Kb1 a2# 0-1

[Event "GER-chT Christmas U20"]
[Site "Playchess.com INT"]
[Date "2020.12.29"]
[Round "1.4"]
[White "John, Niklas"]
[Black "Askerov, Imamali"]
[Result "0-1"]
[WhiteElo "1521"]
[BlackElo "1937"]
[PlyCount "76"]
[EventDate "2020.12.29"]
[EventType "team-swiss (blitz)"]
[EventRounds "7"]
[EventCountry "GER"]
[SourceTitle "CBM 200 Extra"]
[Source "ChessBase"]
[SourceDate "2021.03.31"]
[SourceVersion "1"]
[SourceVersionDate "2021.03.31"]
[SourceQuality "1"]
[WhiteTeam "Muenster II"]
[BlackTeam "Uelzen Post"]
[WhiteTeamCountry "GER"]
[BlackTeamCountry "GER"]

1. e4 c5 2. Nf3 e6 3. d4 cxd4 4. Nxd4 Nc6 5. Nc3 a6 6. Be2 Qc7 7. 0-0 Nf6 8. Bg5 Be7 9. Qd2 h6 10. Bh4 0-0 11. Bg3 d6 12. Rfe1 Rd8 13. Bf3 e5 14. Nxc6 bxc6 15. Rad1 Rb8 16. Qc1 Be6 17. Be2 Qa5 18. a3 Qb6 19. Na4 Qb7 20. Kh1 Nxe4 21. Bf3 Nxg3+ 22. fxg3 Qb5 23. b3 Bg5 24. Qb2 Bf6 25. Qc1 d5 26. Nc3 Qc5 27. Na4 Qa5 28. Re2 e4 29. Bxe4 dxe4 30. Rxd8+ Rxd8 31. Rxe4 Bg5 32. Qf1 Qd2 33. Re2 Qd1 34. Kg1 Bg4 35. Qxd1 Rxd1+ 36. Kf2 Bxe2 37. Kxe2 Rd2+ 38. Kf3 Rxc2 0-1

[Event "GER-chT Christmas U20"]
[Site "Playchess.com INT"]
[Date "2020.12.29"]
[Round "5.4"]
[White "John, Niklas"]
[Black "Schubert, Stanislav"]
[Result "1/2-1/2"]
[WhiteElo "1521"]
[BlackElo "1658"]
[PlyCount "70"]
[EventDate "2020.12.29"]
[EventType "team-swiss (blitz)"]
[EventRounds "7"]
[EventCountry "GER"]
[SourceTitle "CBM 200 Extra"]
[Source "ChessBase"]
[SourceDate "2021.03.31"]
[SourceVersion "1"]
[SourceVersionDate "2021.03.31"]
[SourceQuality "1"]
[WhiteTeam "Muenster II"]
[BlackTeam "Windischeschenbach"]
[WhiteTeamCountry "GER"]
[BlackTeamCountry "GER"]

1. e4 e6 2. d4 d5 3. Nd2 Bd7 4. Bd3 Bc6 5. Ne2 dxe4 6. Nxe4 Nf6 7. N2g3 Qxd4 8. Ng5 Bc5 9. 0-0 h6 10. Nf3 Qd5 11. Qe2 g5 12. Rd1 g4 13. Ne1 Qd8 14. Bb5 Qe7 15. Bxc6+ Nxc6 16. b3 Bd6 17. Bb2 0-0-0 18. Ne4 Nxe4 19. Bxh8 Rxh8 20. Qxe4 h5 21. Nd3 h4 22. Qxg4 f5 23. Qh3 Qf6 24. Rab1 Rg8 25. Ne1 Ne5 26. Nf3 Nxf3+ 27. Qxf3 Qg5 28. h3 Qg6 29. Rd2 Bc5 30. Rbd1 Be7 31. Rd7 Bd8 32. Kf1 Qf6 33. Kg1 Qg6 34. Kf1 Qf6 35. Kg1 Qg6 1/2-1/2

[Event "GER-chT Christmas U20"]
[Site "Playchess.com INT"]
[Date "2020.12.29"]
[Round "4.4"]
[White "Kloerss, Knut"]
[Black "John, Niklas"]
[Result "1-0"]
[WhiteElo "1726"]
[BlackElo "1521"]
[PlyCount "87"]
[EventDate "2020.12.29"]
[EventType "team-swiss (blitz)"]
[EventRounds "7"]
[EventCountry "GER"]
[SourceTitle "CBM 200 Extra"]
[Source "ChessBase"]
[SourceDate "2021.03.31"]
[SourceVersion "1"]
[SourceVersionDate "2021.03.31"]
[SourceQuality "1"]
[WhiteTeam "Luebeck II"]
[BlackTeam "Muenster II"]
[WhiteTeamCountry "GER"]
[BlackTeamCountry "GER"]

1. e4 c5 2. g3 Nc6 3. Bg2 g6 4. f4 Bg7 5. d3 e6 6. Nf3 Nge7 7. c3 0-0 8. 0-0 d5 9. Na3 a6 10. Nc2 b5 11. h4 Bb7 12. Qe2 c4 13. e5 Nf5 14. Kh2 d4 15. Nfxd4 Ncxd4 16. Nxd4 Bxg2 17. Kxg2 Nxd4 18. cxd4 Qxd4 19. dxc4 bxc4 20. Be3 Qd3 21. Qxd3 cxd3 22. Bc5 Rfd8 23. Rfd1 Rd5 24. Bd6 Bf8 25. Bxf8 Kxf8 26. Rd2 Rc8 27. Rad1 Rc2 28. Kf3 Rxd2 29. Rxd2 Ke7 30. Ke3 Kd7 31. Rxd3 Rxd3+ 32. Kxd3 Kc6 33. Kc4 Kb6 34. a4 a5 35. b4 Ka6 36. b5+ Kb6 37. Kd4 h5 38. Kc4 Kc7 39. Kc5 Kb7 40. Kd6 Kb6 41. Ke7 Kc5 42. Kxf7 Kb4 43. Kxe6 Kxa4 44. Kd6 1-0

[Event "GER-chT U16"]
[Site "Magdeburg"]
[Date "2019.12.29"]
[Round "5.9"]
[White "John, Niklas"]
[Black "Alkabetz, Michael"]
[Result "1-0"]
[WhiteElo "1389"]
[BlackElo "1644"]
[PlyCount "130"]
[EventDate "2019.12.27"]
[EventType "team-swiss"]
[EventRounds "7"]
[EventCountry "GER"]
[SourceTitle "CBM 194 Extra"]
[Source "ChessBase"]
[SourceDate "2020.03.31"]
[SourceVersion "1"]
[SourceVersionDate "2020.03.31"]
[SourceQuality "1"]
[WhiteTeam "Muenster"]
[BlackTeam "Stuttgart"]
[WhiteTeamCountry "GER"]
[BlackTeamCountry "GER"]

1. e4 c6 2. d4 d5 3. Nc3 dxe4 4. Nxe4 h6 5. Bc4 Bf5 6. Ng3 Bh7 7. Nf3 Nd7 8. 0-0 e6 9. Re1 Be7 10. Bf4 Ngf6 11. Qe2 0-0 12. Rad1 Re8 13. Bd3 Bxd3 14. Rxd3 Nd5 15. Bd2 Bd6 16. c4 Nf4 17. Bxf4 Bxf4 18. Nh5 Bc7 19. Ne5 Nf6 20. Nxf6+ Qxf6 21. Qh5 Bxe5 22. dxe5 Qe7 23. Rg3 Kf8 24. Qg4 Qg5 25. Qxg5 hxg5 26. Rxg5 Rad8 27. Rg3 Rd2 28. Rb3 b6 29. g3 Red8 30. Ra3 R8d7 31. b4 Rb2 32. b5 cxb5 33. Rb3 Rxb3 34. axb3 bxc4 35. bxc4 Rc7 36. Ra1 Rxc4 37. Rxa7 g6 38. Kg2 b5 39. Ra2 Rb4 40. Kf3 Rb1 41. Ke2 b4 42. Kd3 b3 43. Rd2 Ra1 44. Rb2 g5 45. Kc3 g4 46. Kxb3 Rh1 47. f3 gxf3 48. Rf2 Re1 49. Rxf3 Rxe5 50. Kc3 Rd5 51. Rd3 Rxd3+ 52. Kxd3 f5 53. Kd4 Kg7 54. Ke5 Kf7 55. h3 Ke7 56. h4 Kf7 57. h5 Ke7 58. h6 Kf7 59. h7 Kg7 60. Kxe6 Kxh7 61. Kxf5 Kg7 62. Kg5 Kh7 63. Kf6 Kh6 64. g4 Kh7 65. g5 Kg8 1-0

[Event "GER-ch U25-B"]
[Site "Willingen"]
[Date "2019.06.12"]
[Round "5"]
[White "Senechal, Niklas Bennet"]
[Black "John, Niklas"]
[Result "0-1"]
[WhiteElo "1470"]
[BlackElo "1324"]
[PlyCount "110"]
[EventDate "2019.06.08"]
[EventType "swiss"]
[EventRounds "9"]
[EventCountry "GER"]
[SourceTitle "CBM 191 Extra"]
[Source "ChessBase"]
[SourceDate "2019.09.30"]
[SourceVersion "1"]
[SourceVersionDate "2019.09.30"]
[SourceQuality "1"]

1. d4 Nf6 2. c4 g6 3. Nc3 d5 4. Bg5 Ne4 5. Nxe4 dxe4 6. e3 Bg7 7. Qc2 c5 8. Qxe4 cxd4 9. exd4 Bxd4 10. 0-0-0 Nc6 11. Nf3 Bf5 12. Qe2 Be6 13. Nxd4 Nxd4 14. Qe3 Qa5 15. Qxd4 Qxg5+ 16. f4 Qf6 17. Qxf6 exf6 18. b3 Ke7 19. Be2 Rac8 20. Kb2 Rhd8 21. Rhe1 Rd7 22. Rxd7+ Kxd7 23. Rd1+ Ke7 24. Kc3 g5 25. g3 Rg8 26. Bf3 gxf4 27. gxf4 b6 28. a3 Rg6 29. Re1 Kd6 30. Rd1+ Kc7 31. Bd5 Rh6 32. Rd2 Rh4 33. Bxe6 fxe6 34. Rf2 Kd6 35. Kb4 e5 36. fxe5+ Kxe5 37. a4 f5 38. a5 f4 39. axb6 axb6 40. c5 Rh6 41. Kc4 Ke4 42. cxb6 Rxb6 43. b4 Ke3 44. Rf1 f3 45. Ra1 f2 46. Kc5 Rf6 47. b5 f1Q 48. Rxf1 Rxf1 49. b6 Rb1 50. Kc6 h5 51. b7 h4 52. Kc7 Kf3 53. b8Q Rxb8 54. Kxb8 Kg2 55. Kc7 Kxh2 0-1

[Event "GER-chT U14"]
[Site "Magdeburg"]
[Date "2018.12.29"]
[Round "5.4"]
[White "Helmsdorf, Marius"]
[Black "John, Niklas"]
[Result "1-0"]
[WhiteElo "1533"]
[BlackElo "1328"]
[PlyCount "65"]
[EventDate "2018.12.27"]
[EventType "team-swiss"]
[EventRounds "7"]
[EventCountry "GER"]
[SourceTitle "CBM 188 Extra"]
[Source "ChessBase"]
[SourceDate "2019.02.26"]
[SourceVersion "1"]
[SourceVersionDate "2019.02.26"]
[SourceQuality "1"]
[WhiteTeam "Gera"]
[BlackTeam "Muenster"]
[WhiteTeamCountry "GER"]
[BlackTeamCountry "GER"]

1. c4 c5 2. g3 g6 3. Bg2 Bg7 4. Nc3 Nc6 5. a3 d6 6. Nf3 e6 7. e3 Qa5 8. Rb1 Nge7 9. 0-0 0-0 10. d4 cxd4 11. exd4 Nf5 12. b4 Qc7 13. Ne2 Rd8 14. Be3 Rb8 15. Qc1 b6 16. d5 Nce7 17. Nfd4 exd5 18. cxd5 Qxc1 19. Rfxc1 Bb7 20. Nc6 Bxc6 21. dxc6 Rbc8 22. Bf4 Be5 23. Bxe5 dxe5 24. Rc2 Rc7 25. b5 Rd3 26. Be4 Rxa3 27. Rd2 Nxc6 28. bxc6 Nd4 29. Nxd4 exd4 30. Rxd4 Rc3 31. Rd7 R3xc6 32. Bxc6 Rxc6 33. Rxa7 1-0